000 00845nam a22002417a 4500
001 12814
003 HDC
007 cr bn ---
008 210211 my |0 eneng
040 _aHDC
245 0 _aSME Policy Index: ASEAN 2018 :
_bBOOSTING COMPETITIVENESS AND INCLUSIVE GROWTH
260 _a[No place] :
_bEconomic Research Institute for ASEAN and East Asia,
_c2018
300 _a501 pages
336 _atext
_2rdacontent
337 _acomputer
_2rdamedia
338 _aonline resource
_2rdacarrier
650 _aEntrepreneurial education
_913653
650 _aPolicy framework
_913654
856 _zRequest full-text at [email protected]
942 _2lcc
942 _cEBOOK
942 _kEBOK 002024
999 _c10137
_d10137